| 000 | 01081nam a2200313 a 4500 | ||
|---|---|---|---|
| 999 |
_c4175 _d4175 |
||
| 003 | ALUPE UNIVERSITY COLLEGE | ||
| 005 | 20220318094350.0 | ||
| 008 | 950703s1995 enka 001 0 eng d | ||
| 020 | _a0340613718 (pbk.) | ||
| 040 | _cALUPE UNIVERSITY COLLEGE | ||
| 050 |
_aRC607 _b.S56 1995 |
||
| 092 | _aD0503485025 | ||
| 100 | 1 | _aSims, Ruth. | |
| 245 | 1 | 0 |
_aPalliative care for people with AIDS / _cRuth Sims, Veronica A. Moss. |
| 250 | _a2nd ed. | ||
| 260 |
_aLondon : _bEdward Arnold, _cc1995. |
||
| 300 |
_axix, 170 p. : _bill. ; _c22 cm. |
||
| 500 | _aFirst edition published as "Terminal care for people with AIDS" in 1991 | ||
| 504 | _aIncludes bibliographical references. | ||
| 650 | 0 |
_aAIDS (Disease) _xPalliative treatment. |
|
| 650 | 0 | _aTerminal care. | |
| 650 | 2 | _aAcquired Immunodeficiency Syndrome. | |
| 650 | 2 | _aPalliative Care. | |
| 700 | 1 | _aMoss, Veronica A. | |
| 700 | 1 |
_aSims, Ruth. _tTerminal care for people with AIDS. |
|
| 942 |
_2lcc _cBK |
||